00448 2200169 4500245005000000020002200050250001100072700002600083700001600109650002100125005001900146260005700165041001400222084001000236300002300246336000900269 aOgoh-Ogoh KomangcNi Kadek Heny SayuktihText a978-602-437-778-6 aCet. 1 aNi Kadek Heny Sayukti aNovy Silvia aCerita Bergambar a20240926123013 aJakartabKementerian Pendidikan dan Kebudayaanc2019 aIndonesia a741.5 a18 hlm. :c29,7 cm atext